01270agaaa2200277 45000010005000000030009000050050017000140070009000310080040000400400023000800410013001031000048001161300053001642450149002172500022003662600061003883000022004495200066004715380016005375460013005536500097005667000061006639420012007249990019007369520237007556273IT-RoPAU20220918181304.0d cvaizq50131s9999||||xx ||| | || ||und|| aIT-RoPAUcIT-RoPAU aITALIANO aAA.VV. gCodice regista SPICS: 12000954051 aRIPRODUZIONE DELLE IMMAGINI A COLORI (LA)954052 aRIPRODUZIONE DELLE IMMAGINI A COLORI (LA)cDiretto da: AA.VV. pRIPRODUZIONE DELLE IMMAGINI A COLORI (LA) (Rif. Codice opera principale : 26273) aEdizione Standard aROMA (ITALIA)bRAI - RADIO TELEVISIONE ITALIANA / gn.d. aVHSbsonoro, col. aRIPRODUZIONE DELLE IMMAGINI A COLORI IL COLORE IN TELEVISIONE aPAL, STEREO aITALIANO aDIDATTICOeTV-PROG. DIDATTICO/CULTURALI-DOCUMENTARI [VHS]xCodice MATERIA SPICS: 9962954053 aAA.VV. e(regista/i)gCodice regista SPICS: 12000954051 cVH2ddc c107935d107935 001040626273_00000000000000071aSPICSbSPICSd2015-01-31l0o26273r2015-01-31 00:00:00w2015-01-31yVHzProgr. Ins.: 1689 / N.Vol.:1 / Copie: 1 / Pag.: / Copia rara: NO / date import: 1.2.2015 / By Epidotti, Trombetti, Vaglietti